书目信息 |
| 题名: |
商务与经济统计方法
|
|
| 作者: | 林德 , 马歇尔 , 沃森 著 ;马丹 译 | |
| 分册: | ||
| 出版信息: | 北京 机械工业出版社 2024.07 |
|
| 页数: | 10,608页 | |
| 开本: | 26cm | |
| 丛书名: | 经济教材译丛 | |
| 单 册: | ||
| 中图分类: | F712.3 , F222.1 | |
| 科图分类: | ||
| 主题词: | 商业统计--统计方法--教材 , 经济统计--统计方法--教材 | |
| 电子资源: | ||
| ISBN: | 978-7-111-74875-5 | |
| 000 | 01463nam0 2200337 450 | |
| 001 | 013071452 | |
| 005 | 20251022181410.92 | |
| 010 | @a978-7-111-74875-5@dCNY119.00 | |
| 100 | @a20240813d2024 em y0chiy0120 ea | |
| 101 | 1 | @achi@ceng |
| 102 | @aCN@b110000 | |
| 105 | @aa z 000yy | |
| 106 | @ar | |
| 200 | 1 | @a商务与经济统计方法@9shang wu yu jing ji tong ji fang fa@dStatistical techniques in business and economics@f(美)道格拉斯·A. 林德(Douglas A. Lind),(美)威廉·G. 马歇尔(William G. Marchal),(美)塞缪尔·A. 沃森(Samuel A. Wathen)著@g马丹译@zeng |
| 210 | @a北京@c机械工业出版社@d2024.07 | |
| 215 | @a10,608页@c图@d26cm | |
| 225 | 1 | @a经济教材译丛 |
| 305 | @a据原书第17版译出 | |
| 330 | @a本书介绍了一些基本的数据分析知识,提供了丰富的统计软件知识。主要内容包括:离散型概率分布、连续型概率分布、抽样方法和中心极限定理、参数估计与置信区间、单样本假设检验、双样本假设检验、方差分析、相关与线性回归、多元回归分析等。 | |
| 461 | 0 | @12001 @a经济教材译丛 |
| 510 | 1 | @aStatistical techniques in business and economics@zeng |
| 606 | 0 | @a商业统计@x统计方法@j教材 |
| 606 | 0 | @a经济统计@x统计方法@j教材 |
| 690 | @aF712.3@v5 | |
| 690 | @aF222.1@v5 | |
| 701 | 0 | @c(美)@a林德@9lin de@c(Lind, Douglas A.)@4著 |
| 701 | 0 | @c(美)@a马歇尔@9ma xie er@c(Marchal, William G.)@4著 |
| 701 | 0 | @c(美)@a沃森@9wo sen@c(Wathen, Samuel A.)@4著 |
| 702 | 0 | @a马丹@9ma dan@4译 |
| 801 | 0 | @aCN@c20250909 |
| 905 | @a河南城建学院图书馆@dF712.3@eL491@ZL491@f1 | |
| 商务与经济统计方法=Statistical techniques in business and economics/(美)道格拉斯·A. 林德(Douglas A. Lind),(美)威廉·G. 马歇尔(William G. Marchal),(美)塞缪尔·A. 沃森(Samuel A. Wathen)著/马丹译.-北京:机械工业出版社,2024.07 |
| 10,608页:图;26cm.-(经济教材译丛) |
| ISBN 978-7-111-74875-5:CNY119.00 |
| 本书介绍了一些基本的数据分析知识,提供了丰富的统计软件知识。主要内容包括:离散型概率分布、连续型概率分布、抽样方法和中心极限定理、参数估计与置信区间、单样本假设检验、双样本假设检验、方差分析、相关与线性回归、多元回归分析等。 |
| ● |
| 相关链接 |
|
|
|
正题名:商务与经济统计方法
索取号:F712.3/L491
 
预约/预借
| 序号 | 登录号 | 条形码 | 馆藏地/架位号 | 状态 | 备注 |
| 1 | 1632973 | 216329738 | 社科库409/409社科库 40排4列3层/ [索取号:F712.3/L491] | 在馆 |